I'm ok now: (Record no. 47914)
| 000 -LEADER | |
|---|---|
| fixed length control field | 00378nam a2200121 4500 |
| 020 ## - INTERNATIONAL STANDARD BOOK NUMBER | |
| International Standard Book Number | 9789395698757 |
| 100 ## - MAIN ENTRY--PERSONAL NAME | |
| Personal name | Eason, Katherine |
| 9 (RLIN) | 85723 |
| 245 ## - TITLE STATEMENT | |
| Title | I'm ok now: |
| Remainder of title | learning to deal with trauma / |
| Statement of responsibility, etc | Katherine Eason |
| 260 ## - PUBLICATION, DISTRIBUTION, ETC. (IMPRINT) | |
| Place of publication, distribution, etc | India |
| Name of publisher, distributor, etc | Woodpecker Books |
| Date of publication, distribution, etc | 2023 |
| 300 ## - PHYSICAL DESCRIPTION | |
| Extent | 24 p. |
| Other physical details | col. ill. |
| Dimensions | 21 cm. |
| 650 ## - SUBJECT ADDED ENTRY--TOPICAL TERM | |
| Topical term or geographic name as entry element | Feelings & Manners |
| Form subdivision | Juvenile Literature |
| 9 (RLIN) | 85724 |
| 942 ## - ADDED ENTRY ELEMENTS (KOHA) | |
| Source of classification or shelving scheme | |
| Koha item type | Book |
| Withdrawn status | Lost status | Source of classification or shelving scheme | Damaged status | Not for loan | Collection code | Home library | Current library | Shelving location | Date acquired | Total Checkouts | Full call number | Barcode | Date last seen | Date checked out | Price effective from | Koha item type |
|---|---|---|---|---|---|---|---|---|---|---|---|---|---|---|---|---|
| TEACHERS' RESOURCES | Asian Hope Primary Library | Asian Hope Primary Library | Non Fiction | 11/22/2024 | 2 | 155.4 EAS | 207163 | 01/15/2026 | 01/08/2026 | 11/22/2024 | Book |